[Event "EU-ch U16 Rapid"]
[Site "Thessaloniki"]
[Date "2022.07.20"]
[Round "4"]
[White "Stevik, Patrik"]
[Black "Klimkowski, Jan"]
[Result "1/2-1/2"]
[WhiteElo "2070"]
[BlackElo "2358"]
[PlyCount "110"]
[EventDate "2022.07.20"]
[EventType "swiss (rapid)"]
[EventRounds "9"]
[EventCountry "GRE"]
[SourceTitle "EXT 2023"]
[Source "ChessBase"]
[SourceDate "2022.10.05"]
[SourceVersion "1"]
[SourceVersionDate "2022.10.05"]
[SourceQuality "1"]

1. d4 Nf6 2. c4 e6 3. Nc3 Bb4 4. e3 c5 5. Bd3 Nc6 6. Nf3 Bxc3+ 7. bxc3 d6 8. 0-0 e5 9. Qc2 0-0 10. h3 Qc7 11. Ba3 b6 12. Bb2 Ba6 13. Nd2 exd4 14. exd4 cxd4 15. Ne4 Nxe4 16. Bxe4 Bxc4 17. cxd4 Bxf1 18. Rxf1 Rac8 19. Rc1 Qe7 20. Bxc6 d5 21. Qd2 Qe6 22. Ba4 Rxc1+ 23. Bxc1 Rc8 24. Bb3 Qe4 25. Ba3 a5 26. Bd6 Qe6 27. Be5 f6 28. Bf4 Qc6 29. Qd1 b5 30. Qg4 Rd8 31. Qf5 a4 32. Bc2 g6 33. Qd3 Kf7 34. Bd1 Qc4 35. Qd2 Re8 36. Be3 Rc8 37. Bg4 f5 38. Bf3 b4 39. Bg5 Re8 40. Qf4 Qc6 41. Qd2 Qc4 42. Qf4 Qc6 43. Qd2 Rb8 44. Bf4 Rb7 45. Be5 b3 46. axb3 axb3 47. Qa5 Rd7 48. Qa3 Rb7 49. Qa5 Rd7 50. Qa3 Qb7 51. Qb2 Qb4 52. Kh2 Qc4 53. Qa3 Qb5 54. Qb2 Qc4 55. Qa3 Qb5 1/2-1/2

[Event "Skalica op-B"]
[Site "Skalica"]
[Date "2021.08.29"]
[Round "9"]
[White "Kastler, Peter"]
[Black "Stevik, Patrik"]
[Result "1-0"]
[WhiteElo "1655"]
[BlackElo "1374"]
[PlyCount "67"]
[EventDate "2021.08.21"]
[EventType "swiss"]
[EventRounds "9"]
[EventCountry "SVK"]
[SourceTitle "CBM 204 Extra"]
[Source "ChessBase"]
[SourceDate "2021.11.30"]
[SourceVersion "1"]
[SourceVersionDate "2021.11.30"]
[SourceQuality "1"]

1. b3 b6 2. Bb2 Bb7 3. Nf3 e6 4. e3 d5 5. d3 Nd7 6. Be2 Bd6 7. Nbd2 Ngf6 8. Rc1 Qe7 9. d4 h6 10. c4 c5 11. 0-0 0-0 12. dxc5 Nxc5 13. Nd4 a6 14. Bf3 Qc7 15. g3 Rad8 16. cxd5 Qe7 17. dxe6 fxe6 18. Bxb7 Qxb7 19. Qe2 Rde8 20. Qc4 Ng4 21. Nxe6 Rxe6 22. Qxg4 Qf7 23. Rc4 Nd3 24. Bxg7 Nxf2 25. Rxf2 Qxf2+ 26. Kh1 Qe1+ 27. Kg2 Rf2+ 28. Kh3 Rxh2+ 29. Kxh2 Qxg3+ 30. Qxg3 Bxg3+ 31. Kxg3 Kxg7 32. Kf3 Rd6 33. Ne4 Rd1 34. Rc6 1-0

[Event "Skalica op-B"]
[Site "Skalica"]
[Date "2021.08.23"]
[Round "3"]
[White "Psaila, Ocean"]
[Black "Stevik, Patrik"]
[Result "1/2-1/2"]
[WhiteElo "1217"]
[BlackElo "1374"]
[PlyCount "94"]
[EventDate "2021.08.21"]
[EventType "swiss"]
[EventRounds "9"]
[EventCountry "SVK"]
[SourceTitle "CBM 204 Extra"]
[Source "ChessBase"]
[SourceDate "2021.11.30"]
[SourceVersion "1"]
[SourceVersionDate "2021.11.30"]
[SourceQuality "1"]

1. d4 b6 2. Bf4 Bb7 3. e3 e6 4. Nf3 Nf6 5. Bd3 c5 6. c3 d5 7. b3 Be7 8. 0-0 Nbd7 9. Nbd2 Nh5 10. Be5 Nhf6 11. Bf4 Rc8 12. Rc1 a6 13. c4 Nf8 14. cxd5 Nxd5 15. Be5 f6 16. Bg3 f5 17. Be5 Bf6 18. Nc4 Ng6 19. Nd6+ Ke7 20. Nxc8+ Qxc8 21. Bxf6+ Nxf6 22. b4 h5 23. bxc5 Qa8 24. Be2 b5 25. Qc2 Nd5 26. c6 Bc8 27. Qc5+ Kd8 28. Qd6+ Ke8 29. c7 Bd7 30. Qc5 Nge7 31. Ne5 Qb7 32. Nxd7 Kxd7 33. Bf3 Rc8 34. h3 g5 35. g3 g4 36. hxg4 hxg4 37. Bg2 Rxc7 38. Qxc7+ Qxc7 39. Rxc7+ Kxc7 40. Rc1+ Kb6 41. Bf1 Nc6 42. Bg2 a5 43. Bxd5 exd5 44. Rb1 a4 45. a3 Na5 46. Kf1 Nc4 47. Ra1 Ka5 1/2-1/2

[Event "Liptovsky Jan Slovak op U2200"]
[Site "Liptovsky Jan"]
[Date "2021.06.20"]
[Round "6"]
[White "Sotnik, Simon"]
[Black "Stevik, Patrik"]
[Result "1/2-1/2"]
[WhiteElo "1000"]
[BlackElo "1382"]
[PlyCount "58"]
[EventDate "2021.06.17"]
[EventType "swiss"]
[EventRounds "7"]
[EventCountry "SVK"]
[SourceTitle "CBM 203 Extra"]
[Source "ChessBase"]
[SourceDate "2021.09.30"]
[SourceVersion "1"]
[SourceVersionDate "2021.09.30"]
[SourceQuality "1"]

1. e4 b6 2. d4 Bb7 3. Nc3 e6 4. Nf3 Nf6 5. Bd3 d5 6. e5 Nfd7 7. 0-0 Be7 8. Ne1 c5 9. dxc5 Bxc5 10. Be3 d4 11. Qg4 g6 12. Bg5 Nxe5 13. Qg3 Qd6 14. Bf6 dxc3 15. Bxh8 Nbd7 16. bxc3 0-0-0 17. Bxe5 Nxe5 18. Nf3 Nxf3+ 19. gxf3 Qxg3+ 20. hxg3 Bxf3 21. Ba6+ Kc7 22. Rfe1 Rd5 23. Be2 Be4 24. Bc4 Re5 25. Bd3 f5 26. Rad1 a5 27. Bb5 Rd5 28. c4 Rd4 29. c3 Rd6 1/2-1/2

[Event "Liptovsky Jan Slovak op U2200"]
[Site "Liptovsky Jan"]
[Date "2021.06.18"]
[Round "2"]
[White "Duda, Filip"]
[Black "Stevik, Patrik"]
[Result "1/2-1/2"]
[WhiteElo "1049"]
[BlackElo "1382"]
[PlyCount "49"]
[EventDate "2021.06.17"]
[EventType "swiss"]
[EventRounds "7"]
[EventCountry "SVK"]
[SourceTitle "CBM 203 Extra"]
[Source "ChessBase"]
[SourceDate "2021.09.30"]
[SourceVersion "1"]
[SourceVersionDate "2021.09.30"]
[SourceQuality "1"]

1. Nf3 b6 2. d4 Bb7 3. Bf4 e6 4. e3 Nf6 5. c4 d5 6. Bd3 c5 7. Nc3 cxd4 8. exd4 dxc4 9. Bxc4 Nbd7 10. Nb5 Bb4+ 11. Nd2 0-0 12. 0-0 Be7 13. Rc1 Nd5 14. Bxd5 Bxd5 15. Nc7 Rc8 16. Re1 Nf6 17. Nxd5 Qxd5 18. b3 Qxd4 19. Be5 Qd7 20. Bxf6 Bxf6 21. Ne4 Qxd1 22. Rexd1 Be7 23. h3 h6 24. Rxc8 Rxc8 25. Rd7 1/2-1/2

[Event "Liptovsky Jan Slovak op U2200"]
[Site "Liptovsky Jan"]
[Date "2021.06.17"]
[Round "1"]
[White "Stevik, Patrik"]
[Black "Kuna, Patrik"]
[Result "1/2-1/2"]
[WhiteElo "1382"]
[BlackElo "1891"]
[PlyCount "74"]
[EventDate "2021.06.17"]
[EventType "swiss"]
[EventRounds "7"]
[EventCountry "SVK"]
[SourceTitle "CBM 203 Extra"]
[Source "ChessBase"]
[SourceDate "2021.09.30"]
[SourceVersion "1"]
[SourceVersionDate "2021.09.30"]
[SourceQuality "1"]

1. b3 d5 2. Bb2 Nc6 3. e3 e5 4. Nf3 e4 5. Nd4 Nxd4 6. Bxd4 c5 7. Bb2 Nf6 8. d4 cxd4 9. Bxd4 Bb4+ 10. Nd2 0-0 11. c4 Bg4 12. Qc2 Rc8 13. a3 Bc5 14. Qc3 Bxd4 15. Qxd4 dxc4 16. Qxd8 Rfxd8 17. Bxc4 a6 18. a4 Rc7 19. h3 Bd7 20. a5 Bb5 21. Rd1 Rcd7 22. Bxb5 axb5 23. Ke2 Rd3 24. b4 Rc3 25. Nxe4 Rc2+ 26. Kf3 Rdc8 27. Nc5 Rc4 28. Nxb7 Rxb4 29. Rd6 Ne4 30. Rd5 Kf8 31. Rhd1 Rc7 32. Rd7 Ng5+ 33. Kg3 Ne4+ 34. Kf3 Ng5+ 35. Kg3 Ne4+ 36. Kf3 Ng5+ 37. Kg3 Ne4+ 1/2-1/2

[Event "Skalica Schaeffler op"]
[Site "Skalica"]
[Date "2020.08.25"]
[Round "4"]
[White "Novomeska, Karin"]
[Black "Stevik, Patrik"]
[Result "0-1"]
[WhiteElo "1465"]
[BlackElo "1378"]
[PlyCount "84"]
[EventDate "2020.08.23"]
[EventType "swiss"]
[EventRounds "9"]
[EventCountry "SVK"]
[SourceTitle "CBM 198 Extra"]
[Source "ChessBase"]
[SourceDate "2020.11.30"]
[SourceVersion "1"]
[SourceVersionDate "2020.11.30"]
[SourceQuality "1"]

1. d4 b6 2. c4 Bb7 3. Nc3 e6 4. e4 d6 5. Nf3 Nf6 6. Bd3 h6 7. Bd2 c5 8. d5 e5 9. 0-0 Be7 10. a3 g5 11. g3 Bc8 12. Kg2 Nh7 13. Ng1 Nf8 14. b4 Na6 15. Qa4+ Qd7 16. Qxd7+ Bxd7 17. b5 Nc7 18. f4 exf4 19. gxf4 gxf4 20. Bxf4 Ng6 21. Bg3 Rg8 22. Kh1 f6 23. Nf3 Ne5 24. Nxe5 fxe5 25. Be2 0-0-0 26. a4 Bh3 27. Rf7 Bg5 28. Bf1 Bg4 29. Be2 h5 30. Bxg4+ hxg4 31. Raf1 Rh8 32. Ne2 Rdg8 33. R1f5 Kd8 34. Kg2 Be7 35. Be1 Rh6 36. Bg3 Ne8 37. Nc3 Ng7 38. Rf2 Nh5 39. Ne2 Ke8 40. Rf1 Nf6 41. R1xf6 Rxf6 42. Rh7 Rf3 0-1

[Event "Prague-G"]
[Site "Prague"]
[Date "2019.03.11"]
[Round "4.4"]
[White "Stary, Vojtech"]
[Black "Stevik, Patrik"]
[Result "1-0"]
[WhiteElo "1357"]
[BlackElo "1405"]
[PlyCount "117"]
[EventDate "2019.03.09"]
[EventType "tourn"]
[EventRounds "9"]
[EventCountry "CZE"]
[SourceTitle "CBM 189 Extra"]
[Source "ChessBase"]
[SourceDate "2019.06.03"]
[SourceVersion "1"]
[SourceVersionDate "2019.06.03"]
[SourceQuality "1"]

1. e4 e5 2. Nf3 Nc6 3. d4 exd4 4. Nxd4 Bc5 5. Be3 Qf6 6. c3 a6 7. Be2 Nge7 8. 0-0 Ng6 9. Kh1 Nf4 10. Bxf4 Qxf4 11. Nxc6 dxc6 12. f3 Bd6 13. g3 Qe5 14. Qd4 Bd7 15. Qxe5+ Bxe5 16. Nd2 b5 17. f4 Bd6 18. e5 Bc5 19. Nb3 Bb6 20. Rad1 0-0-0 21. Rd2 Be3 22. Rd3 Bb6 23. Rfd1 Bf5 24. Rxd8+ Rxd8 25. Rxd8+ Kxd8 26. Bf3 c5 27. Nd2 Ke7 28. Be4 Be6 29. a3 g6 30. Bb7 c4 31. Nf1 Kd7 32. Be4 a5 33. Kg2 c6 34. h3 Bd5 35. Kf3 Ke6 36. g4 f5 37. exf6 Kxf6 38. Nd2 Bc5 39. h4 b4 40. axb4 axb4 41. g5+ Kg7 42. Bxd5 cxd5 43. Kg4 bxc3 44. bxc3 Ba3 45. f5 Bb2 46. Nb1 d4 47. cxd4 Bxd4 48. fxg6 Kxg6 49. Na3 c3 50. Nc2 Be5 51. h5+ Kf7 52. Kf3 Ke6 53. Ke3 Kf5 54. g6 h6 55. Ne1 Kg5 56. Nf3+ Kf6 57. Nxe5 Kxe5 58. g7 c2 59. Kd2 1-0

[Event "Prague-G"]
[Site "Prague"]
[Date "2019.03.09"]
[Round "1.4"]
[White "Stevik, Patrik"]
[Black "Haasova, Timea"]
[Result "0-1"]
[WhiteElo "1405"]
[BlackElo "1310"]
[PlyCount "66"]
[EventDate "2019.03.09"]
[EventType "tourn"]
[EventRounds "9"]
[EventCountry "CZE"]
[SourceTitle "CBM 189 Extra"]
[Source "ChessBase"]
[SourceDate "2019.06.03"]
[SourceVersion "1"]
[SourceVersionDate "2019.06.03"]
[SourceQuality "1"]

1. e4 e5 2. Nf3 Nc6 3. Bc4 Bc5 4. c3 Nf6 5. d3 d6 6. b4 Bb6 7. a3 0-0 8. Bb3 Qe7 9. Nbd2 h6 10. Nc4 Be6 11. a4 a6 12. Nxb6 cxb6 13. Be3 Bxb3 14. Qxb3 Qc7 15. Nh4 Ne7 16. g4 Rac8 17. Rc1 d5 18. f3 Rfd8 19. Ke2 Qd6 20. Rhd1 Qe6 21. Nf5 Rc6 22. Nxe7+ Qxe7 23. g5 hxg5 24. Bxg5 Qe6 25. exd5 Nxd5 26. b5 Nf4+ 27. Ke3 Qxb3 28. bxc6 Qb2 29. Bxf4 exf4+ 30. Kxf4 Qxh2+ 31. Ke4 Re8+ 32. Kd4 Qf4+ 33. Kd5 Rd8# 0-1

[Event "SVK-chT2C 1718"]
[Site "Slovakia"]
[Date "2017.11.25"]
[Round "3.8"]
[White "Stevik, Patrik"]
[Black "Laurencsik, Alexander"]
[Result "1-0"]
[WhiteElo "1701"]
[BlackElo "1779"]
[PlyCount "85"]
[EventDate "2017.10.28"]
[EventType "team-tourn"]
[EventRounds "11"]
[EventCountry "SVK"]
[SourceTitle "CBM 181 Extra"]
[Source "ChessBase"]
[SourceDate "2017.12.12"]
[SourceVersion "1"]
[SourceVersionDate "2017.12.12"]
[SourceQuality "1"]
[WhiteTeam "Bziny"]
[BlackTeam "Filakovo"]
[WhiteTeamCountry "SVK"]
[BlackTeamCountry "SVK"]

1. e4 c6 2. d4 d5 3. Nd2 dxe4 4. Nxe4 Nd7 5. Nf3 Ngf6 6. Ng3 e6 7. Bd3 Qc7 8. c3 Bd6 9. Qc2 b6 10. Bg5 Bb7 11. Ne4 Nxe4 12. Bxe4 h6 13. Bh4 g5 14. Bg3 f5 15. Bxd6 Qxd6 16. Bd3 0-0-0 17. 0-0-0 c5 18. Rhe1 Bxf3 19. gxf3 Kb8 20. Bc4 Qxh2 21. Bxe6 Qf4+ 22. Kb1 Qxf3 23. Bxf5 Rhf8 24. Be4 Qxf2 25. Re2 Qf4 26. Qa4 Qc7 27. Rh1 Rf6 28. Reh2 Rh8 29. d5 c4 30. Qc2 g4 31. Bg6 Rhf8 32. Rd2 Rf1+ 33. Rd1 Rxd1+ 34. Qxd1 Qf4 35. Re1 Ne5 36. Be4 Nf3 37. Re2 g3 38. d6 Qg5 39. Bxf3 Rd8 40. Ka1 Qc5 41. Rd2 Qg5 42. Qe1 Qc5 43. Qe4 1-0

[Event "EU-ch U10 27th"]
[Site "Mamaia"]
[Date "2017.09.07"]
[Round "3"]
[White "Stevik, Patrik"]
[Black "Shapovalovi, Vasiko"]
[Result "1/2-1/2"]
[WhiteElo "1872"]
[BlackElo "1459"]
[PlyCount "146"]
[EventDate "2017.09.05"]
[EventType "swiss"]
[EventRounds "9"]
[EventCountry "ROU"]
[SourceTitle "CBM 180 Extra"]
[Source "ChessBase"]
[SourceDate "2017.10.06"]
[SourceVersion "1"]
[SourceVersionDate "2017.10.06"]
[SourceQuality "1"]

1. e4 c5 2. Nf3 Nc6 3. d4 cxd4 4. Nxd4 Nf6 5. Nc3 d6 6. Bg5 e6 7. Qd2 a6 8. 0-0-0 Bd7 9. f4 Be7 10. Be2 b5 11. Bxf6 gxf6 12. Bh5 Nxd4 13. Qxd4 Rc8 14. Kb1 Rc4 15. Qd3 Qc8 16. Rhe1 b4 17. Ne2 Rc5 18. Ng3 Bb5 19. Qd2 a5 20. f5 e5 21. Be2 Bxe2 22. Qxe2 Qc6 23. Rd2 Kd7 24. Nf1 Rb8 25. Red1 a4 26. Rd5 Rxd5 27. Rxd5 b3 28. axb3 axb3 29. cxb3 Rxb3 30. Qc2 Rb4 31. Qxc6+ Kxc6 32. Nd2 Rxe4 33. Rxd6+ Kxd6 34. Nxe4+ Kd5 35. Nc3+ Kd4 36. Kc2 e4 37. Kd2 Ke5 38. g4 Bc5 39. Ne2 Bf8 40. Kc3 Bd6 41. Kc4 Bc7 42. b4 Bb6 43. b5 e3 44. Kd3 h6 45. h4 Bc5 46. Kc4 Bb6 47. Kd3 Ba7 48. h5 Bc5 49. Kc4 Bb6 50. Kd3 Ba7 51. Nc3 Kf4 52. Ke2 Kxg4 53. Nd5 Kxf5 54. Nxe3+ Kg5 55. Nd5 f5 56. Kf3 Bb8 57. Ne7 f4 58. Nc6 Bc7 59. Nd4 Kxh5 60. Nf5 Kg5 61. Ne7 h5 62. Nd5 Bb8 63. Nc3 f5 64. Ne2 h4 65. Ng1 Kf6 66. b6 Ke6 67. b7 Kd7 68. Kg2 Kc7 69. Kh3 Kxb7 70. Kxh4 Ba7 71. Nf3 Kc6 72. Nd4+ Kd5 73. Nxf5 Bc5 1/2-1/2

[Event "Ruzomberok Montana op"]
[Site "Ruzomberok"]
[Date "2017.06.04"]
[Round "9"]
[White "Koren, Juraj"]
[Black "Stevik, Patrik"]
[Result "1/2-1/2"]
[WhiteElo "1454"]
[BlackElo "1307"]
[PlyCount "70"]
[EventDate "2017.05.28"]
[EventType "swiss"]
[EventRounds "9"]
[EventCountry "SVK"]
[SourceTitle "EXT 2018"]
[Source "ChessBase"]
[SourceDate "2017.10.13"]
[SourceVersion "1"]
[SourceVersionDate "2017.10.13"]
[SourceQuality "1"]

1. b4 d5 2. Bb2 f6 3. f4 Bf5 4. Nf3 h6 5. e3 e6 6. a3 Bd6 7. c4 c6 8. Be2 Nd7 9. Nd4 Qe7 10. c5 Bc7 11. Nxf5 exf5 12. Bh5+ Kd8 13. 0-0 g5 14. Bg6 Qe6 15. Nc3 Ne7 16. Bh5 Rg8 17. Ne2 g4 18. Nd4 Qe4 19. Qe2 Ng6 20. d3 Qe8 21. Rae1 Nxf4 22. Bxe8 Nxe2+ 23. Rxe2 Kxe8 24. Nxf5 Rg6 25. d4 Kf7 26. Bc1 Re8 27. Rfe1 h5 28. e4 dxe4 29. Rxe4 Rxe4 30. Rxe4 Bd8 31. Nd6+ Kg7 32. Nxb7 f5 33. Re2 Nf6 34. Nxd8 Ne4 35. Ne6+ Rxe6 1/2-1/2

[Event "Oravska Priehrada op"]
[Site "Oravska Priehrada"]
[Date "2016.08.29"]
[Round "6"]
[White "Stevik, Patrik"]
[Black "Ganz, Marek"]
[Result "0-1"]
[WhiteElo "1302"]
[BlackElo "1553"]
[PlyCount "116"]
[EventDate "2016.08.26"]
[EventType "swiss"]
[EventRounds "7"]
[EventCountry "SVK"]
[SourceTitle "CBM 174 Extra"]
[Source "ChessBase"]
[SourceDate "2016.10.10"]
[SourceVersion "1"]
[SourceVersionDate "2016.10.10"]
[SourceQuality "1"]

1. e4 e5 2. Bc4 Bc5 3. Nf3 Nc6 4. c3 Be7 5. 0-0 Nf6 6. Re1 d6 7. b4 a6 8. a4 0-0 9. Qb3 Bg4 10. Ng5 Bh5 11. Be2 Bg6 12. d3 d5 13. Nd2 h6 14. Ngf3 dxe4 15. dxe4 Nxe4 16. Rd1 Nxd2 17. Rxd2 Bd6 18. Bb2 Qe7 19. Rad1 Qe8 20. Ne1 e4 21. Nc2 Bf4 22. Rd7 Bf5 23. Rxf7 Rxf7 24. Bc4 e3 25. Bxf7+ Qxf7 26. Qxf7+ Kxf7 27. Nxe3 Bxe3 28. fxe3 Re8 29. Kf2 Ne5 30. h3 Nd3+ 31. Kf3 Nxb2 32. Rd4 Nxa4 33. Rf4 Kg6 34. g4 Bd7 35. h4 Re7 36. Ke2 Nxc3+ 37. Kd3 Nd5 38. h5+ Kg5 39. Rd4 Nxe3 40. Rxd7 Rxd7+ 41. Kxe3 Kxg4 42. Ke4 Re7+ 43. Kd3 Re6 44. Kd4 Kf4 45. Kd5 Rd6+ 46. Kc5 Ke4 47. Kc4 Rc6+ 48. Kb3 a5 49. b5 Rb6 50. Kc4 c6 51. Kc5 Rxb5+ 52. Kc4 Ke3 53. Kc3 Rc5+ 54. Kb3 Kd3 55. Ka4 Rb5 56. Ka3 Rb4 57. Ka2 Kc2 58. Ka3 Rb2 0-1

[Event "Oravska Priehrada op"]
[Site "Oravska Priehrada"]
[Date "2016.08.27"]
[Round "3"]
[White "Franko, Ondrej"]
[Black "Stevik, Patrik"]
[Result "1-0"]
[WhiteElo "1693"]
[BlackElo "1302"]
[PlyCount "79"]
[EventDate "2016.08.26"]
[EventType "swiss"]
[EventRounds "7"]
[EventCountry "SVK"]
[SourceTitle "CBM 174 Extra"]
[Source "ChessBase"]
[SourceDate "2016.10.10"]
[SourceVersion "1"]
[SourceVersionDate "2016.10.10"]
[SourceQuality "1"]

1. e4 e5 2. Nf3 Nc6 3. Bb5 Nf6 4. 0-0 a6 5. Bxc6 dxc6 6. Nxe5 Qd4 7. Nf3 Qb6 8. Nc3 Bg4 9. h3 Bh5 10. d3 h6 11. Rb1 0-0-0 12. Be3 c5 13. Qe2 g5 14. g4 Nxg4 15. hxg4 Bxg4 16. Kg2 Be7 17. Nd5 Qe6 18. Rh1 Rxd5 19. exd5 Qxd5 20. c4 Qf5 21. Bd2 Bd6 22. Qe4 Qd7 23. Rbe1 Bf5 24. Qe3 f6 25. Bc3 g4 26. Nh4 Qc6+ 27. Kg1 Bd7 28. Ng6 Re8 29. Qd2 g3 30. Rxh6 Qf3 31. Rxe8+ Bxe8 32. Qe3 gxf2+ 33. Qxf2 Qd1+ 34. Be1 Qg4+ 35. Qg2 Qe6 36. Qe4 Be5 37. Nxe5 Qg8+ 38. Ng6 Bxg6 39. Rxg6 Qd8 40. Qe6+ 1-0

[Event "Liptovsky Mikulas V4 U15 op"]
[Site "Liptovsky Mikulas"]
[Date "2016.06.26"]
[Round "9"]
[White "Stevik, Patrik"]
[Black "Ivanov, Mikhail Vas"]
[Result "1-0"]
[WhiteElo "1654"]
[BlackElo "1278"]
[PlyCount "153"]
[EventDate "2016.06.22"]
[EventType "swiss"]
[EventRounds "9"]
[EventCountry "SVK"]
[SourceTitle "CBM 173 Extra"]
[Source "ChessBase"]
[SourceDate "2016.08.29"]
[SourceVersion "1"]
[SourceVersionDate "2016.08.29"]
[SourceQuality "1"]

1. e4 c5 2. Nf3 d6 3. d4 cxd4 4. Nxd4 Nf6 5. Nc3 a6 6. h3 e6 7. g4 d5 8. Bg2 Nc6 9. exd5 Nxd5 10. Nxd5 exd5 11. Be3 Be7 12. 0-0 0-0 13. c4 Nxd4 14. Qxd4 dxc4 15. Qxc4 Be6 16. Qe4 Bf6 17. Qxb7 Rb8 18. Qxa6 Bxb2 19. Rad1 Qc7 20. Bd4 Bc4 21. Qa4 Bb5 22. Qa7 Qxa7 23. Bxa7 Bxf1 24. Kxf1 Rbd8 25. Rb1 Bd4 26. Bxd4 Rxd4 27. Bc6 Rc8 28. a4 Rd3 29. a5 g6 30. Bb7 Rb8 31. a6 Ra3 32. Rc1 Kf8 33. Rc7 Ke8 34. a7 Rd8 35. Bc6+ Kf8 36. Rb7 Rd1+ 37. Ke2 Rda1 38. Rb8+ Kg7 39. a8Q R1a2+ 40. Kf1 Rxa8 41. Rxa8 Rxa8 42. Bxa8 Kf6 43. Ke2 Kg5 44. Ke3 Kh4 45. Bg2 h5 46. gxh5 Kxh5 47. Kf4 f6 48. Kg3 Kg5 49. h4+ Kh6 50. Kf4 Kh5 51. Be4 f5 52. Bxf5 gxf5 53. Kxf5 Kxh4 54. Ke5 Kg5 55. f4+ Kg6 56. Ke6 Kg7 57. f5 Kf8 58. Kf6 Ke8 59. Kg7 Kd7 60. f6 Ke6 61. f7 Kd7 62. f8Q Ke6 63. Qf6+ Kd5 64. Qe7 Kc6 65. Qd8 Kc5 66. Qd3 Kc6 67. Qd4 Kb5 68. Qc3 Kb6 69. Qc4 Ka5 70. Qb3 Ka6 71. Qb4 Ka7 72. Qb5 Ka8 73. Kf7 Ka7 74. Ke7 Ka8 75. Kd7 Ka7 76. Kc7 Ka8 77. Qb7# 1-0